00399nam a22001337a 4500003000900000005001700009008004100026040003300067080001200100100002000112245005600132260004700188300003000235LK-CoDNM20240814122436.0240814b |||||||| |||| 00| 0 eng d aLK-CoDNMdLK-CoDNMeLK-CoDNM a10bU19 aKNOWILES L.C .A aEconomic Development Of The British Overseas Empire alondonbgeorge routledge & sons, ltdc1928 axv, 555p. : map ; 23 cm